000 00300nam a2200121Ia 4500
008 191201s2014 xx 000 0 und d
100 _aGARG, S.K
245 0 _aIrrigation Engineering and Hydraulic
260 _aN. Delhi
_bKhanna Pub
_c2014
300 _a1265
650 _aB.Tech(CE)
942 _2ddc
_cBK
999 _c6165
_d6165